Sengoku Clans - Statistics

General Stats
  • This quiz has been taken 101 times
  • The average score is 10 of 16
Answer Stats
Picture Answer % Correct
Oda
97%
Tokugawa
95%
Takeda
92%
Mori
89%
Uesugi
83%
Date
75%
Imagawa
72%
Ashikaga
65%
Toyotomi
65%
Azai
57%
Chosokabe
53%
Asakura
44%
Kitabatake
21%
Tachibana
21%
Kobayakawa
19%
Tsutsui
17%
No matching quizzes found
Score Distribution
Percent of People with Each Score
Percentile by Number Answered
Your Score History
You have not taken this quiz